00743nam a22002052 4500001001100000005001700011008004100028020003600069020002100105040001500126050002100141100004100162245009300203260004100296300002500337650003700362650005600399650003800455650004400493000000314320151217151916.0070430s xx 000 0 eng d a0745317758 (cloth) :cKES 1,500 a074531774X (pbk) aKABUcKABU 0aHM851b.E75 20011 aEriksen, Thomas Hylland.@000015281210aTyranny of the moment :bfast and slow time in the information age /cThomas H. Eriksen. aSterling, Va :bPluto Press,cc2001. aix, 180 p. ;c22 cm. 0aInformation society.@0000134685 0aInformation technologyxSocial aspects.@0000152813 0aTimexSocial aspects.@0000152814 0aComputers and civilization.@0000152815